书目信息 |
| 题名: |
中学化学考试计算机应用实例教程
|
|
| 作者: | 何立松 编著 ;方其桂 主编 | |
| 分册: | ||
| 出版信息: | 北京 清华大学出版社 2003.04 |
|
| 页数: | 196页 | |
| 开本: | 26cm | |
| 丛书名: | 信息技术培训教材 | |
| 单 册: | ||
| 中图分类: | G633.83 | |
| 科图分类: | ||
| 主题词: | 化学课--计算机辅助教学--中学--教学参考资料 , 计算机辅助教学 | |
| 电子资源: | ||
| ISBN: | 7-302-06181-5 | |
| 000 | 00814nam2 2200253 45 | |
| 001 | 012004000000 | |
| 005 | 20050119102130.78 | |
| 010 | @a7-302-06181-5@dCNY 21.00 | |
| 100 | @a20041220d2003 em y0chiy0121 ea | |
| 101 | 0 | @achi |
| 102 | @aCN@b110000 | |
| 105 | @aa z 000yy | |
| 200 | 1 | @a中学化学考试计算机应用实例教程@Azhong xue hua xue kao shi ji suan ji ying yong shi li jiao cheng@f何立松编著 |
| 210 | @a北京@c清华大学出版社@d2003.04 | |
| 215 | @a196页@c图@d26cm | |
| 225 | 2 | @a信息技术培训教材@f方其桂主编 |
| 410 | 0 | @12001 @a信息技术培训教材 |
| 606 | 0 | @a化学课@x计算机辅助教学@x中学@j教学参考资料 |
| 606 | 0 | @a计算机辅助教学 |
| 690 | @aG633.83@v4 | |
| 701 | 0 | @a何立松@Ahe li song@4编著 |
| 702 | 0 | @a方其桂@Afang qi gui@4主编 |
| 801 | 0 | @aCN@bQSSKxf@c20050119 |
| 905 | @a10447@dG633.83@eH180 | |
| 中学化学考试计算机应用实例教程/何立松编著.-北京:清华大学出版社,2003.04 |
| 196页:图;26cm.-(信息技术培训教材/方其桂主编) |
| ISBN 7-302-06181-5:CNY 21.00 |
| ● |
| 相关链接 |
|
|
|
正题名:中学化学考试计算机应用实例教程
索取号:G633.83/H180
 
预约/预借
| 序号 | 登录号 | 条形码 | 馆藏地/架位号 | 状态 | 备注 |
| 1 | 438979 | 204389795 | 社科库409/409社科库 8排1列2层/ [索取号:G633.83/H180] | 在馆 | |
| 2 | 438980 | 204389802 | 社科库409/409社科库 8排1列2层/ [索取号:G633.83/H180] | 在馆 |